El centro cívico de Guatemala

La presente investigación trata de un estudio de las áreas para presentar una posibilidad para la planificación de un nuevo centro cívico dado el crecimiento de la ciudad.

Bibliographic Details
Main Author: Roca Sermeño, Mario J.
Other Authors: Tutor: Montes Córdoba, Jorge
Format: Tesis Section = Libro
Language:Undetermined
Spanish
Published: Guatemala USAC-G 1969
Subjects:
LEADER 00778nam a2200205Ia 4500
008 240830s9999 xx 000 0 und d
040 |a BIBLIOTECA-RUSB/ Mon 711.551 R669 
041 |a spa 
082 |a Mon 711.551 R669 
100 1 |a Roca Sermeño, Mario J. 
245 1 0 |a El centro cívico de Guatemala 
260 |a Guatemala  |b USAC-G  |c 1969 
300 |a 30 p. :il. 
502 |a Tesis (Arquitecto) - USAC-G, 1969. 
520 3 |a La presente investigación trata de un estudio de las áreas para presentar una posibilidad para la planificación de un nuevo centro cívico dado el crecimiento de la ciudad. 
650 7 |a CENTROS CIVICOS, ADMINISTRATIVOS DE RADIACION DEL GOBIERNO I 
700 1 |a Tutor:  |b Montes Córdoba, Jorge 
942 |c BK  |2 ddc 
991 |a TESIS 
999 |c 21018